000 00225 a2200097 4500
001 40823
100 _aMuzaffar Warsi
245 _aLahore Ki Haryali
260 _aLahore
_bSange-e-Meel Publications
_c
090 _c25085
_d25085
942 _aNUST-CAE
_cM
_c16764
999 _c275896
_d275896